000 00866nam a22001817a 4500
999 _c60919
_d60919
005 20231117164132.0
008 231117s1968 ru ||||| |||| 00| 0 rus d
041 _arus
080 _a94(37) C-32
100 _aСергеенко, М.Е.
_920428
245 _aРемесленники Древнего Рима :
_bОчерки /
_cМ. Е. Сергеенко; Академия наук СССР. Ленинградское отделение Института истории.
264 _aЛенинград :
_bНаука,
_c1968.
300 _a152 с.:
_bил.;
_c22 см.
653 _aძველი რომის ხელოსნები
653 _aნარკვევები
710 _aАкадемия наук СССР
_dЛенинградское отделение Института истории.
_920429
942 _2udc
_cᲬᲘᲒᲜᲘ